000 01769cam a2200517 4500
003 PE-LiUPU
005 20250731180149.0
020 _a3921046106
035 _a(Sirsi) i9783921046104
035 _a(Sirsi) 50113
035 _a(Sirsi) 50113
041 _apt
044 _abr
082 0 4 _a576.8
_bR36
100 1 _aJunker, Reinhard
245 _aEvoluçã :
_bum livro didáctico crítico /
_cReinhard Junker y Siegfried Scherer.
264 1 _aBrasília :
_bSociedade Criacionista Brasileira,
_c2002
300 _a328 páginas :
_bilustraciones y n. ;
_c27 cm.
505 0 _aCiência histórica e ciência teórica -- Conceitos básicos da biologia evolucionista e da biologia dos tipos básicos -- Pesquisa das causas da evolução: evolução ao nível dos organismos -- Pesquisa das causas da evolução: evoluçã
526 _aSEG44
526 _aSEG26
526 _aP159
526 _aP155
526 _aP154
526 _aP153
526 _aP150
526 _aP100
526 _aP31
526 _aP30
526 _aP26
526 _aP25
526 _aP24
526 _aP22
526 _aP15
526 _aP10
650 1 4 _aEvolución
_9946
650 1 4 _aBiología
700 1 _aScherer,Siegfried
_ecoaut.
859 _q67032
_h576.8
_iR36
910 _agl
_b
_clch
_d20130502
942 _2ddc
_cBOOK
949 _a576.8 R36
_i67032
_lCCODEBUL1
_mBUL
_tLIBRO
_o.STAFF. Colección General
596 _a1
999 _a576.8 R36
_wDEWEY
_c54737
_i67032
_f2021-11-5
_g7
_lCCODEBUL1
_mBUL
_p35.00
_r0
_sN
_tBOOK
_u2015-7-6
_xBIBLIOTECA
_zUNKNOWN
_0COMPRA
_o.STAFF. Colección General
_d54737
980 _81
_gALBERTO SANCHEZ Responsable de Automatización